[Event "DRUGA LIGA CENTRALNE SRBIJE - ISTOK 2017"]
[Site "Srebrno jezero"]
[Date "2017.09.10"]
[Round "4.3"]
[White "Zivkovic, Marko"]
[Black "Trickovic, Borivoje"]
[Result "1-0"]
[WhiteElo "2194"]
[BlackElo "2227"]
[PlyCount "93"]
[EventDate "2017.09.08"]

1. d4 d6 2. Nf3 Bg4 3. e4 g6 4. Bc4 Bxf3 5. Qxf3 e6 6. Qb3 Qc8 7. f4 Ne7 8. O-O
Bg7 9. f5 Bxd4+ 10. Be3 Bxe3+ 11. Qxe3 gxf5 12. exf5 d5 13. Bb5+ c6 14. Nc3 Qd7
15. Qe5 Rg8 16. Bd3 Na6 17. Bxa6 bxa6 18. Na4 O-O-O 19. Nc5 Qc7 20. Qxc7+ Kxc7
21. fxe6 f5 22. Rf3 Kb6 23. b4 Rg4 24. Nd3 Rdg8 25. g3 Re4 26. Kf2 Rxe6 27. Nc5
Rh6 28. Re1 Nc8 29. Kg2 Rh4 30. c3 f4 31. a4 Rg7 32. Re8 Nd6 33. Ne6 Nxe8 34.
Nxg7 Nxg7 35. gxh4 Ne6 36. h5 a5 37. h3 axb4 38. cxb4 c5 39. bxc5+ Kxc5 40. Rb3
d4 41. Kf2 Kc4 42. Rb7 Nc5 43. Rxh7 Ne4+ 44. Ke1 f3 45. Rd7 d3 46. h6 f2+ 47.
Kf1 1-0

[Event "DRUGA LIGA CENTRALNE SRBIJE - ISTOK 2017"]
[Site "Srebrno jezero"]
[Date "2017.09.10"]
[Round "4.3"]
[White "Petrov, Georgi"]
[Black "Kulak, Dejan"]
[Result "1-0"]
[WhiteElo "2227"]
[BlackElo "2180"]
[PlyCount "44"]
[EventDate "2017.09.08"]

1. Nf3 Nf6 2. c4 e6 3. Nc3 d5 4. cxd5 exd5 5. d4 c6 6. Qc2 Bd6 7. Bg5 Nbd7 8.
e3 Nf8 9. Bd3 Bg4 10. Ne5 Bc8 11. O-O-O Be7 12. h3 Ng6 13. g4 Nd7 14. Nxg6 hxg6
15. Bf4 Nf6 16. f3 Qb6 17. Kb1 Be6 18. Na4 Qa5 19. a3 Nd7 20. Bg3 g5 21. f4 Bd6
22. Be1 Qc7 1-0

[Event "DRUGA LIGA CENTRALNE SRBIJE - ISTOK 2017"]
[Site "Srebrno jezero"]
[Date "2017.09.10"]
[Round "4.3"]
[White "Zivic, Dragan"]
[Black "Mincic, Srbislav"]
[Result "1-0"]
[WhiteElo "2181"]
[BlackElo "2191"]
[PlyCount "45"]
[EventDate "2017.09.08"]

1. e4 e5 2. Nf3 Nf6 3. Nxe5 d6 4. Nf3 Nxe4 5. Nc3 Nxc3 6. dxc3 Be7 7. Be3 O-O
8. Qd2 Nc6 9. O-O-O Be6 10. h4 Ne5 11. Ng5 Bf5 12. Be2 h6 13. f3 hxg5 14. hxg5
Qd7 15. g4 Bg6 16. f4 Nxg4 17. Bd3 Qe6 18. Bd4 c5 19. Rde1 Qd7 20. Qg2 Bxd3 21.
Qh3 f6 22. cxd3 cxd4 23. g6 1-0

[Event "DRUGA LIGA CENTRALNE SRBIJE - ISTOK 2017"]
[Site "Srebrno jezero"]
[Date "2017.09.10"]
[Round "4.3"]
[White "Tonic, Milos*"]
[Black "Djordjevic, Dejan N"]
[Result "0-1"]
[WhiteElo "2021"]
[BlackElo "2190"]
[PlyCount "106"]
[EventDate "2017.09.08"]

1. c4 Nf6 2. Nc3 g6 3. e4 d6 4. d4 Bg7 5. h3 O-O 6. Nf3 Nc6 7. Be2 e5 8. dxe5
Nxe5 9. Nxe5 dxe5 10. Qxd8 Rxd8 11. Bg5 c6 12. O-O Be6 13. Rfd1 Rd4 14. Be3
Rxd1+ 15. Rxd1 Bf8 16. a3 Nd7 17. Na4 Be7 18. g4 f6 19. Rd2 Kf7 20. Kg2 b6 21.
b4 Ke8 22. c5 b5 23. Nc3 a5 24. Nd5 Bd8 25. Bxb5 cxb5 26. c6 axb4 27. cxd7+
Bxd7 28. axb4 Be6 29. f4 Ra3 30. Kf2 exf4 31. Nxf4 Bc4 32. Nd5 Rb3 33. Bc5 Rxh3
34. Kg2 Rd3 35. Rxd3 Bxd3 36. Kf3 Bc4 37. Ne3 Bb3 38. Bd6 Kd7 39. Bc5 Ke6 40.
Bd4 Bc7 41. Bc3 Be5 42. Bd2 Bb2 43. Ke2 Ke5 44. Kd3 Ba1 45. g5 fxg5 46. Ng4+
Ke6 47. Bxg5 Bc4+ 48. Kd2 Bd4 49. Be3 Bg7 50. Bh6 Bxh6+ 51. Nxh6 Ke5 52. Ng4+
Kf4 53. Nf6 h5 0-1

[Event "DRUGA LIGA CENTRALNE SRBIJE - ISTOK 2017"]
[Site "Srebrno jezero"]
[Date "2017.09.10"]
[Round "4.3"]
[White "Stankovic, Dejan"]
[Black "Dimitrijevic, Dusan"]
[Result "0-1"]
[WhiteElo "2222"]
[BlackElo "2109"]
[PlyCount "66"]
[EventDate "2017.09.08"]

1. e4 c5 2. Nf3 g6 3. c3 Bg7 4. d4 cxd4 5. cxd4 d5 6. e5 Bg4 7. Qb3 Qd7 8. Nc3
Bxf3 9. gxf3 Nc6 10. Be3 Rd8 11. Rc1 Nh6 12. Na4 O-O 13. Nc5 Qf5 14. Nxb7 Rc8
15. Qxd5 Nb4 16. Qe4 Rxc1+ 17. Bxc1 Nc2+ 18. Ke2 Rc8 19. Be3 Nxe3 20. fxe3 Rc2+
21. Kd3 Rxb2 22. Qxf5 Nxf5 23. Nc5 Rxa2 24. Ke4 e6 25. Bd3 Bf8 26. Nd7 Bb4 27.
Kf4 Ne7 28. Nf6+ Kg7 29. Rc1 Rxh2 30. Rc7 a5 31. Be4 h6 32. d5 Be1 33. Rxe7
Rh4+ 0-1

[Event "DRUGA LIGA CENTRALNE SRBIJE - ISTOK 2017"]
[Site "Srebrno jezero"]
[Date "2017.09.10"]
[Round "4.3"]
[White "Stanojevic, Ilija**"]
[Black "Ivanovic, Veljko**"]
[Result "1-0"]
[WhiteElo "2056"]
[BlackElo "1962"]
[PlyCount "105"]
[EventDate "2017.09.08"]

1. c4 c5 2. Nf3 Nc6 3. Nc3 e5 4. e3 f5 5. d4 e4 6. Ne5 Nf6 7. Be2 cxd4 8. exd4
d6 9. Nxc6 bxc6 10. d5 c5 11. O-O Be7 12. f3 O-O 13. Qc2 exf3 14. Bxf3 Nd7 15.
Bd2 Ne5 16. b3 Bg5 17. Rae1 Bd7 18. Ne2 Bxd2 19. Qxd2 a5 20. Nf4 Qf6 21. Ne6
Rfb8 22. Qc3 a4 23. Rxe5 Qxe5 24. Qxe5 dxe5 25. Nxc5 axb3 26. axb3 Bc8 27. d6
e4 28. Be2 Ra7 29. Rd1 Kf7 30. d7 Bxd7 31. Nxd7 Rxb3 32. Ne5+ Kf6 33. Nc6 Ra2
34. Rd6+ Kg5 35. Nd4 Rbb2 36. Kf2 Kf4 37. g3+ Ke5 38. Rd5+ Kf6 39. Rxf5+ Kg6
40. Rd5 Ra4 41. Ke3 Rxe2+ 42. Nxe2 Rxc4 43. Nd4 Ra4 44. Kxe4 Ra2 45. h4 h6 46.
Kf4 Ra4 47. Rd6+ Kf7 48. Ke5 Ra3 49. Nf5 Ra5+ 50. Rd5 Ra7 51. h5 g6 52. hxg6+
Kxg6 53. Kf4 1-0

[Event "DRUGA LIGA CENTRALNE SRBIJE - ISTOK 2017"]
[Site "Srebrno jezero"]
[Date "2017.09.10"]
[Round "4.3"]
[White "Petrovic, Dusan**"]
[Black "Mitic, Ivan M"]
[Result "1-0"]
[WhiteElo "1873"]
[BlackElo "1933"]
[PlyCount "120"]
[EventDate "2017.09.08"]

1. e4 c6 2. d4 d5 3. Nd2 dxe4 4. Nxe4 Bf5 5. Nc5 b6 6. Nb3 Nf6 7. Nf3 Nbd7 8.
Bd3 Bxd3 9. Qxd3 Qc7 10. c3 e6 11. Bg5 Bd6 12. O-O-O O-O-O 13. Kb1 Kb8 14. Nbd2
Bf4 15. Ne4 Bxg5 16. Nfxg5 Nxe4 17. Nxe4 Ne5 18. Qg3 Ng6 19. Kc2 Qxg3 20. hxg3
h6 21. Rd3 Kc7 22. Rhd1 Rhe8 23. c4 Ne7 24. Nc3 a6 25. R1d2 Rd7 26. Nd1 Red8
27. Ne3 h5 28. Kc3 b5 29. b3 Rb8 30. d5 cxd5 31. cxd5 exd5 32. Nxd5+ Nxd5+ 33.
Rxd5 Rxd5 34. Rxd5 g6 35. Kb4 Kc6 36. Rd2 Re8 37. Ka5 g5 38. a3 h4 39. gxh4
gxh4 40. Rd4 Rh8 41. Rf4 h3 42. gxh3 Rxh3 43. f3 Rh7 44. Kxa6 Rh8 45. Ka5 Ra8+
46. Kb4 Ra7 47. Rf5 Rb7 48. f4 Rd7 49. Rf6+ Kb7 50. Kxb5 Rd5+ 51. Kc4 Rd7 52.
b4 Ka7 53. Kb5 Kb7 54. Ka5 Rd5+ 55. Ka4 Rd7 56. Kb5 Rd5+ 57. Kc4 Rd7 58. a4 Ka7
59. Kc5 Rb7 60. a5 Rc7+ 1-0

[Event "DRUGA LIGA CENTRALNE SRBIJE - ISTOK 2017"]
[Site "Srebrno jezero"]
[Date "2017.09.10"]
[Round "4.2"]
[White "Djukic, Zeljko"]
[Black "Petkov, Vladimir"]
[Result "0-1"]
[WhiteElo "2320"]
[BlackElo "2495"]
[PlyCount "58"]
[EventDate "2017.09.08"]

1. d4 Nf6 2. c4 Nc6 3. Nf3 e6 4. Nc3 Bb4 5. Qc2 d6 6. a3 Bxc3+ 7. Qxc3 O-O 8.
b4 Re8 9. b5 Ne7 10. g3 a6 11. bxa6 Rxa6 12. Bg2 b6 13. Nd2 c5 14. dxc5 bxc5
15. Bb2 e5 16. O-O Bf5 17. Rfd1 Nc6 18. Bxc6 Rxc6 19. Nf1 Ne4 20. Qf3 Bg6 21.
Nd2 f5 22. Nxe4 fxe4 23. Qc3 Qg5 24. h4 Qg4 25. Rd2 Rb6 26. Rad1 Qe6 27. Bc1
Bh5 28. Rc2 h6 29. Kg2 Ra8 0-1